Classement UEFA (club) - Statistiques

Statistiques générales
  • Ce quiz a été pris 636 fois
  • Le résultat moyen est 22 sur 30
Statistiques - réponses
Top Pays Points Club % Correct
2 Angleterre 135 000 Manchester City
99%
7 Angleterre 103 000 Manchester United
98%
5 Espagne 115 000 Real Madrid
98%
1 Allemagne 135 000 Bayern Munich
97%
8 Espagne 98 000 Barcelone
96%
4 Angleterre 123 000 Liverpool
96%
12 Italie 87 000 Inter
95%
6 France 112 000 Paris Saint Germain
95%
3 Angleterre 126 000 Chelsea
94%
9 Italie 96 000 Juventus
93%
13 Allemagne 86 000 Dortmund
90%
11 Pays-Bas 89 000 Ajax
87%
14 Espagne 85 000 Atlético Madrid
85%
19 Portugal 81 000 Porto
85%
23 Angleterre 76 000 Arsenal
81%
18 Portugal 81 000 Benfica
80%
20 Italie 80 000 Naples
79%
17 Espagne 82 000 Seville
77%
15 Allemagne 84 000 Leipzig
69%
21 Angleterre 80 000 Tottenham
66%
10 Italie 89 000 AS Rome
59%
29 Croatie 55 000 Dinamo Zagreb
55%
30 Belgique 54 000 Club Bruges
51%
24 Allemagne 67 000 Bayer Leverkusen
50%
26 France 61 000 Olympique Lyonnais
48%
16 Espagne 82 000 Villareal
48%
27 Autriche 59 000 Salzburg
38%
25 Ukraine 63 000 Shakhtar Donetsk
33%
28 Italie 55 000 Atalanta Bergame
24%
22 Allemagne 77 000 Frankfurt
10%
Aucun quiz correspondant
Distribution des résultats
% des personnes avec chaque résultat
Percentile par nombre de réponses
Votre historique - résultats
Vous n’avez pas pris ce quiz